Welcome to the Holygrace Academy Library

Please use search bar below to get started

PIONEER BIOLOGY (Record no. 736)

MARC details
000 -LEADER
fixed length control field 00263nam a22001097a 4500
082 ## - DEWEY DECIMAL CLASSIFICATION NUMBER
Classification number 574
Item number CHA/P
100 ## - MAIN ENTRY--AUTHOR NAME
Personal name SUSHIL CHAUDHRY
245 ## - TITLE STATEMENT
Title PIONEER BIOLOGY
Remainder of title CLASS XII
260 ## - PUBLICATION, DISTRIBUTION, ETC. (IMPRINT)
Place of publication DELHI
Name of publisher DHANPAT RAI & CO
Year of publication 2012
650 ## - SUBJECT ADDED ENTRY--TOPICAL TERM
Topical Term BIOLOGY FOR CLASS XII
Geographic subdivision INDIA
942 ## - ADDED ENTRY ELEMENTS (KOHA)
Koha item type Books
Holdings
Withdrawn status Lost status Collection code Home library Current library Shelving location Date acquired Source of acquisition Cost, normal purchase price Full call number Accession Number Koha item type
    Reference Main Library Main Library SHELF-9 E XII BIOLOGY 17/09/2014 purchase 300.00 574 CHA/P 09501 Books